Mathematics of money /

Saved in:
Bibliographic Details
Main Author: Austin, Joe Dan.
Other Authors: Howard, Arthur C., Thomas, R. D.
Format: Book
Language:English
Published: Minneapolis/St. Paul : West Pub. Co., c1995.
Edition:2nd ed.
Subjects:
Tags: Add Tag
No Tags, Be the first to tag this record!
Institutions: Mạng thư viện Đại học Đà Nẵng
LEADER 01136nam a22003131a 4500
001 000034968
003 11220
005 20220713162937.0
008 151027s1995 000 eng
040 |a lnn  |c lnn  |d lnn 
082 0 0 |a 650  |b AU-J 
100 1 |a Austin, Joe Dan. 
245 0 0 |a Mathematics of money /  |c Joe Dan Austin, Arthur C. Howard, R.D. Thomas ; problems for chapters 1-6 and 12 written by Susan Skanse. 
250 |a 2nd ed. 
260 |a Minneapolis/St. Paul :  |b West Pub. Co.,  |c c1995. 
300 |a 1 v. (various pagings) :  |b ill. (some col.) ;  |c 27 cm. 
500 |a Includes index. 
650 0 |a Business mathematics. 
700 1 |a Howard, Arthur C. 
700 1 |a Thomas, R. D. 
OWN |a LNN 
AVA |a UDN50  |b LNN  |c English  |d 420.51 AU-J  |e available  |t Error 5001 Not defined in file expand_doc_bib_avail.  |f 2  |g 0  |h N  |i 0  |j AN 
999 |a From the UDN01 
AVA |a UDN50  |b LNN  |c English  |d 420.51 AU-J  |e available  |t Error 5001 Not defined in file expand_doc_bib_avail.  |f 2  |g 0  |h N  |i 0  |j AN 
TYP |a Monograph 
980 |a Mạng thư viện Đại học Đà Nẵng